The Buddhist Sutra of Lotus Flower: Its essence and interpretation (Record no. 23247)

MARC details
000 -LEADER
fixed length control field 00323nam a22001337a 4500
020 ## - INTERNATIONAL STANDARD BOOK NUMBER
ISBN 8172140177
082 ## - DEWEY DECIMAL CLASSIFICATION NUMBER
Classification number 294.3 PRA
100 ## - MAIN ENTRY--AUTHOR NAME
Author name Prakash, Surendra
245 ## - TITLE STATEMENT
Title The Buddhist Sutra of Lotus Flower: Its essence and interpretation
260 ## - PUBLICATION, DISTRIBUTION, ETC. (IMPRINT)
Place of publication Delhi
Name of publisher ISPCK
Year of publication 1991
300 ## - PHYSICAL DESCRIPTION
Number of Pages 83
650 ## - SUBJECT ADDED ENTRY--TOPICAL TERM
Topical Term Buddhism
942 ## - ADDED ENTRY ELEMENTS (KOHA)
Koha item type Books
Holdings
Collection code Home library Current library Shelving location Date acquired Source of acquisition Full call number Accession Number Koha item type
Non-fiction Henry Martyn Institute Library Henry Martyn Institute Library General stacks 06/23/2022 Dr. Andreas D'Souza collection 294.3 PRA 11002924 Books
                   Copyright © 2026 | Henry Martyn Institute | Hyderabad | TS-500052 | INDIA | Implemented by hmi.edu.in
Hit-Count:

Powered by Koha